| 000 | 00467nam a2200157 i 4500 | ||
|---|---|---|---|
| 001 | 81873 | ||
| 003 | ES-MaACL | ||
| 005 | 20230906174529.0 | ||
| 007 | t| | ||
| 008 | 041108s1972 sp ||||1| spa d | ||
| 100 | 1 |
_aIglesias Barba, Carmen. _965095 |
|
| 245 | 1 | 3 |
_aEl pequeño teatro de Silvia _b: comedia en 6 cuadros / _cCarmen Iglesias Barba. |
| 260 |
_a[Madrid] : _bDidier, _c[1972] |
||
| 300 |
_a106 p. : _bil. ; _c18 cm. |
||
| 852 |
_aES-MaACL _jC-50001 _bR.84819 |
||
| 999 |
_c81873 _d81873 |
||